Instituciones de derecho del trabajo (Record no. 142272)

MARC details
000 -LEADER
campo de control de longitud fija 00948nam a2200241 i 4500
001 - NÚMERO DE CONTROL
campo de control 142272
003 - IDENTIFICADOR DE NÚMERO DE CONTROL
campo de control ES-MaACL
005 - FECHA Y HORA DE LA ÚLTIMA TRANSACCIÓN
campo de control 20250809030226.0
007 - CAMPO FIJO DE DESCRIPCIÓN FÍSICA--INFORMACIÓN GENERAL
campo de control de longitud fija t|
008 - DATOS DE LONGITUD FIJA--INFORMACIÓN GENERAL
campo de control de longitud fija 071004s1983 sp |||| | spa d
100 1# - ENTRADA PRINCIPAL--NOMBRE DE PERSONA
Nombre de persona Villa Gil, Luis Enrique de la,
Fechas asociadas al nombre 1935-
9 (RLIN) 114883
245 10 - MENCIÓN DEL TÍTULO
Título Instituciones de derecho del trabajo
Resto del título : ordenamiento y defensa de los derechos laborales /
Mención de responsabilidad, etc. Luis Enrique de la Villa Gil, Gabriel García Becedas, Ignacio García Perrote Escartín.
250 ## - MENCION DE EDICION
Mención de edición 1ª ed.
260 ## - PUBLICACIÓN, DISTRIBUCIÓN, ETC.
Lugar de publicación, distribución, etc. Madrid :
Nombre del editor, distribuidor, etc. Centro de Estudios Universitarios Ramón Areces,
Fecha de publicación, distribución, etc. 1983.
300 ## - DESCRIPCIÓN FÍSICA
Extensión X, 558 p. ;
Dimensiones 25 cm.
504 ## - NOTA DE BIBLIOGRAFÍA, ETC.
Nota de bibliografía, etc. Bibliografía: p. [557]-558.
650 04 - PUNTO DE ACCESO ADICIONAL DE MATERIA--TÉRMINO DE MATERIA
Término de materia o nombre geográfico como elemento de entrada Derecho laboral-
Subdivisión geográfica España
9 (RLIN) 11726
700 1# - ENTRADA AGREGADA--NOMBRE PERSONAL
Nombre de persona García Becedas, Gabriel.
9 (RLIN) 54245
700 1# - ENTRADA AGREGADA--NOMBRE PERSONAL
Nombre de persona García-Perrote Escartín, Ignacio.
9 (RLIN) 55115
710 2# - ENTRADA AGREGADA--NOMBRE DE ENTIDAD CORPORATIVA
Nombre de entidad corporativa o nombre de jurisdicción como elemento de entrada Centro de Estudios Universitarios Ramón Areces.
9 (RLIN) 2681
852 ## - LOCALIZACIÓN
Ubicación ES-MaACL
Número de control de estantería L-11792
Holdings
Estatus retirado Estado de pérdida Estado de daño No para préstamo Biblioteca de origen Biblioteca actual Ubicación en estantería Fecha de adquisición Fuente de adquisición Total de préstamos Signatura topográfica completa Código de barras Visto por última vez Precio de reemplazo Tipo de ítem Koha
        Biblioteca del Ateneo de Madrid Biblioteca del Ateneo de Madrid Depósito 2 17/01/2008     L-11792 1148035 23/02/2023 23/02/2023 Libro impreso